000 00290nam a22001337a 4500
008 171107b xxu||||| |||| 00| 0 eng d
020 _a9780324323849
041 _aeng
080 _27TH
_a330.322
100 _a63
101 _aINV
245 _aINVESTMENTS
_cREILLY.F.K
942 _2udc
_cBK
999 _c38140
_d38140